Freud and the post-Freudians / (Record no. 31883)
[ view plain ]
| 000 -LEADER | |
|---|---|
| fixed length control field | 00946nam a2200289 a 4500 |
| 001 - CONTROL NUMBER | |
| control field | 31883 |
| 003 - CONTROL NUMBER IDENTIFIER | |
| rucl marc code | BD-RjUL |
| 005 - DATE AND TIME OF LATEST TRANSACTION | |
| control field | 20211209051748.0 |
| 008 - FIXED-LENGTH DATA ELEMENTS--GENERAL INFORMATION | |
| fixed length control field | 140422s19631961enk b 00110 eng d |
| 035 ## - SYSTEM CONTROL NUMBER | |
| System control number | (BD-RjUL)31971 |
| 040 ## - CATALOGING SOURCE | |
| Original cataloging agency | NNCU |
| Transcribing agency | NNCU |
| Modifying agency | BD-RjUL |
| Language of cataloging | eng |
| 041 ## - LANGUAGE CODE | |
| Language code of text/sound track or separate title | eng |
| 082 ## - DEWEY DECIMAL CLASSIFICATION NUMBER | |
| Classification number | 131.3467 |
| Edition number | 19 |
| Author mark and year | BRF 1963 |
| 100 1# - MAIN ENTRY--PERSONAL NAME | |
| Personal name | Brown, J. A. C. |
| Fuller form of name | (James Alexander Campbell), |
| Dates associated with a name | 1911-1964. |
| 9 (RLIN) | 42755 |
| 245 10 - TITLE STATEMENT | |
| Title | Freud and the post-Freudians / |
| Statement of responsibility, etc. | J.A.C. Brown. |
| 260 0# - PUBLICATION, DISTRIBUTION, ETC. (IMPRINT) | |
| Place of publication, distribution, etc. | Harmondsworth : |
| Name of publisher, distributor, etc. | Penguin, |
| Date of publication, distribution, etc. | c1961 [Reprinted 1963]. |
| 300 ## - PHYSICAL DESCRIPTION | |
| Pagination | viii, 225 p. ; |
| Size | 18 cm. |
| 490 1# - SERIES STATEMENT | |
| Series statement | Pelican books ; |
| Volume/sequential designation | A522 |
| 504 ## - BIBLIOGRAPHY, ETC. NOTE | |
| Bibliography, etc | Includes bibliographical references (p. 219-220) and index. |
| 600 10 - SUBJECT ADDED ENTRY--PERSONAL NAME | |
| Personal name | Freud, Sigmund, |
| Dates associated with a name | 1856-1939. |
| 650 #0 - SUBJECT ADDED ENTRY--TOPICAL TERM | |
| Topical term or geographic name as entry element | Psychoanalysis |
| General subdivision | History. |
| 9 (RLIN) | 89520 |
| Topical term or geographic name as entry element | Freudian theory. |
| 9 (RLIN) | 95007 |
| Topical term or geographic name as entry element | Psychoanalysis |
| General subdivision | History. |
| 9 (RLIN) | 89520 |
| 830 #0 - SERIES ADDED ENTRY--UNIFORM TITLE | |
| Volume number/sequential designation | A522. |
| Uniform title | Pelican book ; |
| 942 ## - ADDED ENTRY ELEMENTS (KOHA) | |
| Source of classification or shelving scheme | Dewey Decimal Classification |
| Koha item type | Books |
| Lost status | Source of classification or shelving scheme | Damaged status | Not for loan | Collection code | Permanent Location | Current Location | Shelving location | Date acquired | Source of acquisition | Total Checkouts | Full call number | Date last seen | Copy number | Koha item type |
|---|---|---|---|---|---|---|---|---|---|---|---|---|---|---|
| Dewey Decimal Classification | Not For Loan | Non-fiction | Central Library, University of Rajshahi | Central Library, University of Rajshahi | Reading Room | 20/10/1990 | Shaukat Osman | 131.3467 BRF 1963 | 22/04/2014 | C-1 | Books |